|
|
|
|
| LEADER |
01730nam a2200277 a 4500 |
| 001 |
GR-Antirio1131 |
| 008 |
150302s2004 xxu g 000 0 eng d |
| 020 |
|
|
|a 0764539493
|
| 040 |
|
|
|a GrPaTEI
|b gre
|c GR-PaULI
|
| 040 |
|
|
|a GrPaTEI
|b gre
|c GR-PaULI
|
| 082 |
|
0 |
|a 005.5
|2 22
|
| 100 |
1 |
|
|a Willett, Edward C.
|
| 245 |
1 |
0 |
|a Office 2003 bible /
|c Edward C. Willett.
|
| 260 |
|
|
|a Indianapolis :
|b Wiley Publishing, Inc.,
|c 2004
|
| 300 |
|
|
|a xxxviii, 1132 σ. :
|b εικ. +
|e 1 cd-rom
|
| 500 |
|
|
|a Περιλαμβάνει ευρετήριο.
|
| 630 |
0 |
0 |
|a Microsoft Windows (Computer file)
|
| 650 |
|
0 |
|a Microsoft office
|
| 942 |
|
|
|2 ddc
|
| 952 |
|
|
|0 0
|1 0
|2 ddc
|4 0
|6 005_500000000000000_WIL
|7 0
|9 262998
|a LISK-2
|b LISK-2
|c BSC
|d 2021-01-17
|e 24
|f 0
|g 0.00
|l 0
|o 005.5 WIL
|p 2430000008805
|r 2021-01-17 00:00:00
|t 1
|w 2021-01-17
|y BK15
|x 20150302 0 ΧΑΣΑΝΗ 1
|x GrPaTEI - Antirrio
|
| 952 |
|
|
|0 0
|1 0
|2 ddc
|4 0
|6 005_500000000000000_WIL
|7 0
|9 262999
|a LISK-2
|b LISK-2
|c BSC
|d 2021-01-17
|e 24
|f 0
|g 0.00
|l 0
|o 005.5 WIL
|p 99243000008804
|r 2021-01-17 00:00:00
|t 1
|w 2021-01-17
|y BK15
|x GrPaTEI - Antirrio
|
| 952 |
|
|
|0 0
|1 0
|2 ddc
|4 0
|6 005_500000000000000_WIL
|7 0
|9 263000
|a LISK-2
|b LISK-2
|c BSC
|d 2021-01-17
|e 24
|f 0
|g 0.00
|l 0
|o 005.5 WIL
|p 99243000008806
|r 2021-01-17 00:00:00
|t 1
|w 2021-01-17
|y BK15
|x GrPaTEI - Antirrio
|
| 952 |
|
|
|0 0
|1 0
|2 ddc
|4 0
|6 005_500000000000000_WIL
|7 0
|9 263001
|a LISK-2
|b LISK-2
|c BSC
|d 2021-01-17
|e 24
|f 0
|g 0.00
|l 0
|o 005.5 WIL
|p 99243000008807
|r 2021-01-17 00:00:00
|t 1
|w 2021-01-17
|y BK15
|x GrPaTEI - Antirrio
|
| 952 |
|
|
|0 0
|1 0
|2 ddc
|4 0
|6 005_500000000000000_WIL
|7 0
|9 263002
|a LISK-2
|b LISK-2
|c BSC
|d 2021-01-17
|e 24
|f 0
|g 0.00
|l 0
|o 005.5 WIL
|p 99243000008808
|r 2021-01-17 00:00:00
|t 1
|w 2021-01-17
|y BK15
|x GrPaTEI - Antirrio
|
| 971 |
|
|
|a .b25709306
|b 15-04-20
|c 12-09-16
|
| 999 |
|
|
|c 151457
|d 151457
|